| 000 | 00525nam a22001817a 4500 | ||
|---|---|---|---|
| 005 | 20251108164140.0 | ||
| 008 | 250721s1999 xx 000 0 ara d | ||
| 082 | 1 | 4 | _aق/زيا |
| 100 | 1 | _aزيانليانع، زانع | |
| 245 | 1 | 0 | _aنصف الرجل إمرأة / |
| 264 | 1 |
_aابوظبي : _bالمجمع الثقافي، _c1999. |
|
| 300 | _a373ص. | ||
| 650 | 1 | 7 | _aالأدب المترجم |
| 650 | 1 | 7 | _aالروايات |
| 700 | 1 |
_aأبي نادر، ميرنا _eترجمة |
|
| 942 |
_2ddc _cBK |
||
| 999 |
_c4870 _d4870 |
||